Vista normal
Vista MARC
Entrada Corporate Name
Número de registros utilizados en: 1
001 - CONTROL NUMBER
- control field: 41080
003 - CONTROL NUMBER IDENTIFIER
- control field: OSt
005 - DATE AND TIME OF LATEST TRANSACTION
- control field: 20211011125712.0
008 - FIXED-LENGTH DATA ELEMENTS
- fixed length control field: 211011|| aca||aabn | a|a d
040 ## - CATALOGING SOURCE
- Original cataloging agency: OSt
- Transcribing agency: OSt
110 ## - HEADING--CORPORATE NAME
- Corporate name or jurisdiction name as entry element: United Fruit Company
- General subdivision: History
670 ## - SOURCE DATA FOUND
- Source citation: Work cat.: (OSt)12613: Bucheli Gómez, Marcelo, autor 41079, Después de la hojarasca : , 2013.